00545nam a2200193 a 4500001001300000003000900013005001700022008004100039020002300080082001900103100001900122245007000141260004100211300000900252500003500261505001000296650002600306700001900332nice12345678IN_TiNIC20260116014456.0070417s2003 newa grp 000 0 eng  a0761997059 c45000a305.40954bREG aRege, Sharmila aSociology of GenderbChallenge of Feminist Sociological Knowledge aNew Delhi bSage Publications c2003 a447p aincludes index and biblioraphy2 aIndex aWomen-India-Sociology1 aRege, Sharmila